000
00267nam a2200109Ia 4500
008
220204s9999 xx 000 0 und d
082
_a
301(201)
_b
ABR
100
_a
Abrahamson, M
245
0
_a
Urban sociology
260
_a
New Jersey
_b
Prentice Hall
_c
1976
942
_c
BK
999
_c
29186
_d
29186